| 000 | 01494nam a2200457 i 4500 | ||
|---|---|---|---|
| 001 | 51810 | ||
| 003 | KOSZ 005 | ||
| 005 | 20210601150637.0 | ||
| 008 | 050307s2004 pl a f f |000 0 pol | ||
| 015 | _aPB 2005/10671 | ||
| 020 | _a8389388820 | ||
| 035 | _a(OCoLC)750018046 | ||
| 040 |
_aWA N _cWA N _dKOSZ 005/HR |
||
| 041 | 0 | _apol | |
| 046 | _k2004 | ||
| 080 | _a332.6(438) | ||
| 080 | _a528.3/.4(438) | ||
| 080 | _a347.2(438) | ||
| 080 | _a(075.8) | ||
| 100 | 1 |
_aHycner, Ryszard _d(1943- ) _eAutor |
|
| 245 | 1 | 0 |
_aPodstawy katastru / _cRyszard Hycner. |
| 260 |
_aKraków : _bAkademia Górniczo-Hutnicza. Uczelniane Wydawnictwa Naukowo-Dydaktyczne, _c2004. |
||
| 300 |
_a292, [1] s., [3] k. tabl. złoż. : _bfaks., mapy, rys. ; _c24 cm. |
||
| 336 |
_2rdacontent _aTekst _btxt |
||
| 337 |
_2rdamedia _aBez urządzenia pośredniczącego _bn |
||
| 338 |
_2rdacarrier _aWolumin _bnc |
||
| 380 | _aKsiążki | ||
| 380 | _aPublikacje dydaktyczne | ||
| 385 |
_mPoziom nauczania _aSzkoły wyższe |
||
| 388 | _a2001- | ||
| 504 | _aBibliogr. s. 283-[293]. | ||
| 648 | _a2001- | ||
| 650 | 4 | _aKataster nieruchomości | |
| 651 | 7 | _aPolska | |
| 655 | 4 | _aPodręczniki akademickie | |
| 658 | _aGeografia i nauki o Ziemi | ||
| 658 | _aGospodarka, ekonomia, finanse | ||
| 710 | 2 |
_aWydawnictwo AGH _4pbl. |
|
| 856 |
_uhttp://koha.tu.koszalin.pl/cgi-bin/koha/opac-detail.pl?biblionumber=51810 _yKatalog online BPK |
||
| 942 |
_2UKD _cKS |
||
| 999 |
_c51810 _d51810 |
||